01860cam a22004337a 4500003000500000005001700005008004100022010001000063011001000073035001000083040000900093090001000102100003700112245015100149260004100300300001000341502007500351590003700426590004100463590004100504590004100545590004100586590004200627650002600669650002000695650003800715650003400753650002400787901000700811905002300818942000900841949005500850949005500905949004200960999001701002952014001019952014001159952012701299CHAP20220817043612.0000126d1999 mx r 00110 spa d a79527 a80499 a90950 cCHAP aTesis00aRamos Vergara, Alejandro.99451410aDureza y consumo de bloques multinutricionales elaborados con dos tipos de aglomerantes y almacenados por tres mesesc/por Alejandro Ramos Vergara aChapingo, Méx. :bEl autor,c1999. a53 h. aTesis (Ing. Agr. Esp. en Zootecnia) -- UACH. Departamento de Zootecnia aALEPHb10c20130110lUCH01h1431 aBATCH-UPDb10c20130110lUCH01h0509 aBATCH-UPDb10c20130110lUCH01h2236 aBATCH-UPDb10c20130410lUCH01h0147 aBATCH-UPDb10c20130913lUCH01h1954 aCONVERSIONb10c20130109lUCH01h134414aAglomeración.9113014aCemento.92093514aGanado lanarxNutrición.94520514aHidróxido de calcio.95527514aNutrición animal. aBK aLilia Sánchez G. cFOLL bBCcTESd33724000748380eTS2fc.2h34897i90950si bBCcTESd33724000752432eTS2fc.3h35639i90950si bBCcTESd909501eTS1h34896i90950sb c79527d79527 00102local4053708TESISaBCbBCcPA_TESISd2019-12-31fTESISl0oTesisp33724000748380r2019-12-31 00:00:00tc.2w2019-12-31yTESIS 00102local4053708TESISaBCbBCcPA_TESISd2019-12-31fTESISl0oTesisp33724000752432r2019-12-31 00:00:00tc.3w2019-12-31yTESIS 00102local4051708TESISaBCbBCcPA_TESISd2019-12-31fTESISl0oTesisp909501r2019-12-31 00:00:00w2019-12-31yTESIS